000 00307nam a22001337a 4500
008 180306b xxu||||| |||| 00| 0 eng d
020 _a9780201626902
041 _aeng
080 _a37
100 _a25
101 _aEDU
245 _aTOUCHPOINTS THE ESSENTIALS REFERENCE
_cBERRY.T.B
942 _2udc
_cBK
999 _c44218
_d44218